| 000 | 00313nam a22001217a 4500 | ||
|---|---|---|---|
| 082 |
_a355 _bGUL _cL-40, P-75 |
||
| 245 | _aGuidelines for study staff course entrance exam | ||
| 260 | _c2006 | ||
| 300 |
_a227 p : _bill, _c16cm |
||
| 526 |
_a0 _b0 _c0 _d355_000000000000000_GUL |
||
| 650 |
_aMCE _9379 |
||
| 942 |
_2ddc _cBK |
||
| 999 |
_c551485 _d551485 |
||